[Event "Asuncion zt 2.5 (Women)"]
[Site "Asuncion"]
[Date "2023.03.10"]
[Round "8"]
[White "Fernandez, Maria Florencia"]
[Black "Sanchez Tobar, Francisca Valentina"]
[Result "1-0"]
[WhiteElo "2128"]
[BlackElo "1878"]
[PlyCount "137"]
[EventDate "2023.03.05"]
[EventType "swiss"]
[EventRounds "9"]
[EventCountry "PAR"]
[SourceTitle "CBM 213 Extra"]
[Source "ChessBase"]
[SourceDate "2023.05.31"]
[SourceVersion "1"]
[SourceVersionDate "2023.05.31"]
[SourceQuality "1"]

1. d4 Nf6 2. c4 g6 3. Nc3 Bg7 4. e4 d6 5. h3 0-0 6. Be3 Nbd7 7. g4 c5 8. d5 a6 9. Qd2 b5 10. cxb5 axb5 11. Bxb5 Bb7 12. f3 Qb6 13. Nge2 Ne5 14. 0-0 Ba6 15. Bxa6 Qxa6 16. b3 Rfb8 17. f4 Ned7 18. Rab1 Rb4 19. Ng3 Ne8 20. e5 dxe5 21. f5 Nd6 22. Na4 Qb5 23. Qf2 Qa6 24. Bxc5 Rf4 25. Qe3 Nxc5 26. Qxc5 Qd3 27. Qc3 Qxd5 28. Nb6 Qa5 29. Qxa5 Rxa5 30. Na4 Rd5 31. Nc3 Rd3 32. Nce2 Rb4 33. Rfc1 Rb7 34. Rc2 Bh6 35. Kg2 Bg5 36. Rf1 Ra7 37. Rf3 Rd1 38. Rfc3 Ra1 39. a4 Rb1 40. fxg6 hxg6 41. Nc1 Bxc1 42. Rxc1 Rxc1 43. Rxc1 Rb7 44. Rc3 Ra7 45. Kf3 Kg7 46. Ne4 Ne8 47. Rc6 Nc7 48. Nc5 Nd5 49. Ke4 Nf4 50. Kxe5 Nxh3 51. b4 f6+ 52. Ke4 Ng5+ 53. Kd4 Nf3+ 54. Kd5 Ne5 55. Ra6 Rxa6 56. Nxa6 Nxg4 57. b5 f5 58. b6 f4 59. Nc5 Nf6+ 60. Ke6 f3 61. Nd3 Ne4 62. Kxe7 f2 63. Nxf2 Nc5 64. a5 g5 65. b7 Na6 66. Kd8 Kg6 67. Kc8 Kf5 68. b8Q Nxb8 69. Kxb8 1-0

[Event "Asuncion zt 2.5 (Women)"]
[Site "Asuncion"]
[Date "2023.03.09"]
[Round "7"]
[White "Sanchez Tobar, Francisca Valentina"]
[Black "Lugo Martinez, Jimena Sofia"]
[Result "1-0"]
[WhiteElo "1878"]
[BlackElo "1260"]
[PlyCount "63"]
[EventDate "2023.03.05"]
[EventType "swiss"]
[EventRounds "9"]
[EventCountry "PAR"]
[SourceTitle "CBM 213 Extra"]
[Source "ChessBase"]
[SourceDate "2023.05.31"]
[SourceVersion "1"]
[SourceVersionDate "2023.05.31"]
[SourceQuality "1"]

1. e4 e6 2. d4 d5 3. Nd2 dxe4 4. Nxe4 Bd7 5. Nf3 Bc6 6. Bd3 Nd7 7. Qe2 Ngf6 8. c3 Be7 9. h3 h6 10. Bd2 Bxe4 11. Bxe4 Nxe4 12. Qxe4 c6 13. 0-0 Nf6 14. Qe2 0-0 15. Rad1 Qb6 16. Bc1 Rad8 17. Ne5 Nd5 18. Rd3 Bf6 19. Rg3 Kh7 20. Qe4+ Kh8 21. Qg4 Bxe5 22. dxe5 Rg8 23. Qh5 Kh7 24. Qxf7 c5 25. Qg6+ Kh8 26. Bxh6 Rd7 27. Bc1 Rgd8 28. Rg4 Kg8 29. Rh4 Rf7 30. Qh7+ Kf8 31. Bg5 Ke8 32. Qg6 1-0

[Event "CHI-ch (Women)"]
[Site "Las Condes"]
[Date "2022.02.24"]
[Round "8"]
[White "Sanchez Tobar, Francisca Valentina"]
[Black "Gomez Barrera, Javiera Belen"]
[Result "1-0"]
[WhiteElo "1837"]
[BlackElo "2199"]
[PlyCount "105"]
[EventDate "2022.02.18"]
[EventType "tourn"]
[EventRounds "11"]
[EventCountry "CHI"]
[SourceTitle "CBM 207 Extra"]
[Source "ChessBase"]
[SourceDate "2022.05.31"]
[SourceVersion "1"]
[SourceVersionDate "2022.05.31"]
[SourceQuality "1"]

1. e4 c5 2. Nf3 d6 3. Bb5+ Nd7 4. 0-0 a6 5. Be2 Ngf6 6. d3 g6 7. Re1 Bg7 8. Bf1 0-0 9. g3 e5 10. c4 b5 11. a3 Nb8 12. h3 Nc6 13. Be3 Rb8 14. b3 Ne8 15. Bg2 f5 16. Kh2 Kh8 17. Nc3 Bd7 18. Rc1 Nc7 19. Rf1 Ne6 20. Ng1 f4 21. Bd2 Ncd4 22. Rb1 bxc4 23. dxc4 Qe8 24. Nd5 Rxb3 25. Rxb3 Ba4 26. Rb8 Qxb8 27. Qxa4 f3 28. Bh1 g5 29. Qd1 Qb3 30. Qxb3 Nxb3 31. Be3 Ned4 32. Rb1 a5 33. Nxf3 Rxf3 34. Rxb3 Rxf2+ 35. Bxf2 Nxb3 36. Be3 Na1 37. Bxg5 Nc2 38. a4 Na3 39. Ne3 Kg8 40. Bd8 Bh6 41. Nf5 Bf8 42. Bxa5 Nxc4 43. Bc7 Na3 44. Bf3 c4 45. Ba5 Kf7 46. Be2 Kf6 47. Ne3 Bh6 48. Ng4+ Kg6 49. Nxh6 Kxh6 50. Bb4 Nc2 51. Bd2+ Kg6 52. Bxc4 Nd4 53. Kg2 1-0

[Event "CHI-ch (Women)"]
[Site "Las Condes"]
[Date "2022.02.19"]
[Round "1"]
[White "Sanchez Tobar, Francisca Valentina"]
[Black "Vildosola Canales, Melany Selena"]
[Result "0-1"]
[WhiteElo "1837"]
[BlackElo "1645"]
[PlyCount "84"]
[EventDate "2022.02.18"]
[EventType "tourn"]
[EventRounds "11"]
[EventCountry "CHI"]
[SourceTitle "CBM 207 Extra"]
[Source "ChessBase"]
[SourceDate "2022.05.31"]
[SourceVersion "1"]
[SourceVersionDate "2022.05.31"]
[SourceQuality "1"]

1. e4 c5 2. Nf3 Nc6 3. Bb5 Nf6 4. d3 g6 5. Bxc6 dxc6 6. h3 Bg7 7. 0-0 0-0 8. Nbd2 Ne8 9. Re1 Nc7 10. Nc4 Ne6 11. c3 Qc7 12. Be3 Rd8 13. Qd2 b6 14. Rad1 Ba6 15. b3 b5 16. Nb2 Qa5 17. d4 Bb7 18. Qc2 Rac8 19. dxc5 Qxc3 20. Re2 Ba6 21. Red2 Qa5 22. Nd3 Bc3 23. Re2 b4 24. Nfe1 Rc7 25. f3 Rcd7 26. Rf2 Bxe1 27. Rxe1 Bxd3 28. Qb2 f6 29. h4 Nxc5 30. Rc1 Ne6 31. Rxc6 Kf7 32. g4 Rd6 33. Rc1 R6d7 34. Rd1 Qc7 35. Kg2 Nf4+ 36. Bxf4 Qxf4 37. a3 h5 38. Qd2 Qxd2 39. Rfxd2 hxg4 40. Kf2 gxf3 41. a4 Ke6 42. Ke3 Be2 0-1

[Event "South America-ch U16 Girls 16th"]
[Site "Buenos Aires"]
[Date "2019.12.04"]
[Round "5.1"]
[White "Garcia Andrada, Heidy Nicole"]
[Black "Sanchez Tobar, Francisca Valentina"]
[Result "1-0"]
[WhiteElo "1878"]
[BlackElo "1786"]
[PlyCount "81"]
[EventDate "2019.12.01"]
[EventType "swiss"]
[EventRounds "9"]
[EventCountry "ARG"]
[SourceTitle "EXT 2024"]
[Source "ChessBase"]
[SourceDate "2023.10.10"]
[SourceVersion "1"]
[SourceVersionDate "2023.10.10"]
[SourceQuality "1"]

1. e4 e5 2. Nf3 Nc6 3. Bb5 g6 4. d4 exd4 5. Bg5 Be7 6. Bxe7 Qxe7 7. 0-0 Nf6 8. e5 Nd5 9. Nbd2 0-0 10. Re1 a6 11. Bxc6 dxc6 12. Nxd4 c5 13. N4f3 Bf5 14. Nc4 Rad8 15. Qc1 Kg7 16. h3 Nb4 17. Ne3 Be4 18. Nd2 Bc6 19. a3 Nd5 20. Ndc4 Nxe3 21. Qxe3 Rfe8 22. Na5 Qe6 23. Qxc5 Rd5 24. Qc3 Kg8 25. f4 Red8 26. Nb3 b6 27. Qe3 R5d7 28. Kh2 Qd5 29. Re2 Qe6 30. Rae1 Kg7 31. Rd2 Rxd2 32. Nxd2 Qd5 33. Re2 Bb5 34. Rf2 Bc6 35. Nf3 Qe6 36. Nd4 Qd5 37. Rd2 Qc5 38. Ne6+ fxe6 39. Qxc5 bxc5 40. Rxd8 Kf7 41. Rc8 1-0

[Event "South America-ch U16 Girls 16th"]
[Site "Buenos Aires"]
[Date "2019.12.02"]
[Round "3.1"]
[White "Godoy, Abril Leonela"]
[Black "Sanchez Tobar, Francisca Valentina"]
[Result "1/2-1/2"]
[WhiteElo "1639"]
[BlackElo "1786"]
[PlyCount "75"]
[EventDate "2019.12.01"]
[EventType "swiss"]
[EventRounds "9"]
[EventCountry "ARG"]
[SourceTitle "EXT 2024"]
[Source "ChessBase"]
[SourceDate "2023.10.10"]
[SourceVersion "1"]
[SourceVersionDate "2023.10.10"]
[SourceQuality "1"]

1. d4 Nf6 2. c4 g6 3. Nc3 Bg7 4. e4 d6 5. Be2 0-0 6. Nf3 Nbd7 7. 0-0 e5 8. d5 Nc5 9. Qc2 a5 10. Be3 Nfd7 11. Ne1 f5 12. f3 f4 13. Bf2 g5 14. b3 h5 15. h3 b6 16. Nd3 Nxd3 17. Qxd3 Nf6 18. Qd1 Bd7 19. h4 Nh7 20. Qe1 Bf6 21. hxg5 Bxg5 22. Kh2 Kf7 23. Rh1 Rh8 24. Kg1 Nf8 25. Kf1 Ng6 26. Bd3 Qe7 27. Ke2 Rh6 28. Kd2 Rah8 29. Ne2 h4 30. Ng1 h3 31. gxh3 Bxh3 32. Nxh3 Rxh3 33. Rxh3 Rxh3 34. Qf1 Qd7 35. Qg2 Nh4 36. Bxh4 Bxh4 37. Rh1 Rxh1 38. Qxh1 1/2-1/2